| 000 | 01145nmm a2200421 a 4500 | ||
|---|---|---|---|
| 003 | AR-BaBNM | ||
| 005 | 20251128205852.0 | ||
| 008 | 308019s1997 ||||||||||||||000 | spa|| | ||
| 020 | _a968-880-875-X | ||
| 040 | _cAR-BaBNM | ||
| 100 | 1 | _aCase, Karl E. | |
| 245 | 1 | 0 | _aPrincipios de macroeconomía |
| 250 | _a4ª ed. | ||
| 260 |
_aMéxico, D.F. _bPrentice-Hall Hispanoamericana _c1997 |
||
| 300 | 1 |
_axxiii, 588 p. _bil., gráfs. |
|
| 500 | 0 | _aIncluye diccionario de terminología económica | |
| 650 | 4 | _aMACROECONOMIA | |
| 650 | 4 | _aMERCADOS | |
| 650 | 4 | _aESTRUCTURA DEL MERCADO | |
| 650 | 4 | _aPRODUCTO NACIONAL BRUTO | |
| 650 | 4 | _aINGRESO NACIONAL | |
| 650 | 4 | _aDESEMPLEO | |
| 650 | 4 | _aINFLACION | |
| 650 | 4 | _aPOLITICA FISCAL | |
| 650 | 4 | _aGASTO PUBLICO | |
| 650 | 4 | _aPOLITICA MONETARIA | |
| 650 | 4 | _aDINERO | |
| 650 | 4 | _aOFERTA Y DEMANDA | |
| 650 | 4 | _aTEORIA ECONOMICA | |
| 650 | 4 | _aCRECIMIENTO ECONOMICO | |
| 650 | 4 | _aPRODUCTIVIDAD | |
| 650 | 4 | _aECONOMIA INTERNACIONAL | |
| 650 | 4 | _aCOMERCIO INTERNACIONAL | |
| 650 | 4 | _aSISTEMAS ECONOMICOS | |
| 700 | 1 | _aFair, Ray C. | |
| 942 | _cBK | ||
| 998 | _claura | ||
| 999 |
_c13088 _d13088 |
||